000 00868nam a2200277 i 4500
001 000036220
003 DO-SdBNP
005 20250430091009.0
007 ta
008 120111s1997 mx 000 0 spa d
020 _a9701801024
040 _aDO-SdBNP
_bspa
_cBNPHU
_erda
082 _axxxx
_bL431
_222
245 0 0 _aLazarillo de Tormes /
_cpresentación Alberto Vital ; notas Ángel Basante.
264 _aMéxico :
_bConsejo Nacional para la Cultura y las artes,
_c1997.
300 _a86 páginas
_c22 cm.
336 _atexto
_btxt
_2rdacontent
337 _asin mediación
_bn
_2rdamedia
338 _avolumen
_bnc
_2rdacarrier
490 1 _aClásicos para hoy
_v20
590 _aInventariado, 2025/ YL
700 1 _aVital, Alberto,
_932569
_epresentación
_4pres.
700 1 _aBasante, Ángel
_962285
_enotas
_4not.
910 _aYLockward
942 _2ddc
_cLBS1
999 _c35711
_d35711